El Eterno ahora.

Tallennettuna:
Bibliografiset tiedot
Päätekijä: Tillich, Paul (autor)
Muut tekijät: Calderón Q., María José (traducción), Calderón N., Guillermo (Toimittaja)
Aineistotyyppi: Kirja
Julkaistu: Valparaíso, Chile: Ediciones Universitarias de Valparaíso, 2023.
Sarja:Colección Teología Hoy
Aiheet:
Tagit: Lisää tagi
Ei tageja, Lisää ensimmäinen tagi!

MARC

LEADER 00000nam a22000007a 4500
003 CL-VaPUC
005 20240411151831.0
008 230410t2023 ||||| |||| 00| 0 eng d
999 |c 443388  |d 443386 
020 |a 978-956-17-1104-4 
040 |c Pontificia Universidad Católica de Valparaíso 
082 0 4 |2 22  |a 230 TIL 2023 
100 1 |a Tillich, Paul  |9 349313  |e autor 
245 1 3 |a El Eterno ahora. 
260 |a Valparaíso, Chile:  |b Ediciones Universitarias de Valparaíso,  |c 2023. 
300 |a 194 páginas. 
490 0 |a Colección Teología Hoy 
500 |a c.1 Donación Ediciones Universitarias. 21-3-2024 
583 |c 20230410  |k Catalogador Asistente 
650 1 |a Sabiduria  |x Teología cristiana  |9 888189 
650 1 |a Salvación   |x Teología cristiana  |9 888190 
650 1 |a Soledad  |x Teología cristiana  |9 888191 
650 1 |a Creación  |x Teología cristiana  |9 888192 
650 1 |a Desigualdad  |x Teología cristiana  |9 888193 
650 1 |a Relación con Dios  |9 881640 
700 |a Calderón Q., María José  |e traducción  |9 888096 
700 |a Calderón N., Guillermo  |e editor  |9 888097 
942 |2 ddc  |c BK 
952 |0 0  |1 0  |2 ddc  |4 0  |6 230_000000000000000_TIL_2023  |7 0  |8 A  |9 593925  |a BIBTEO  |b BIBTEO  |d 2024-04-01  |e Donación  |i 5660570  |o 230 TIL 2023  |p 5660570  |r 2025-01-17  |t 1  |w 2024-04-01  |y BK  |k ICR